| 000 | 00535nam a2200217Ia 4500 | ||
|---|---|---|---|
| 003 | OSt | ||
| 005 | 20220928142448.0 | ||
| 006 | a|||||r|||| 00| 0 | ||
| 007 | ta | ||
| 008 | 220927b |||||||| |||| 00| 0 eng d | ||
| 024 | _a19767 | ||
| 037 | _cTextual | ||
| 040 |
_aSDCL _cSDCL _beng |
||
| 041 |
_2eng _aeng |
||
| 082 | _aP15,Cx1,1,1, N4 | ||
| 100 |
_aSharma Krishan _9503653 |
||
| 245 | 0 | _aVrtti - mimansa. | |
| 260 | _c1994 | ||
| 942 |
_hP15,Cx1,1,1, N4 _cTEXL _2CC |
||
| 999 |
_c821930 _d821930 |
||